Famous First Facts <A> Record of First Happenings, Discoveries, and Inventions in American History
Saved in:
| Main Author: | |
|---|---|
| Format: | Book |
| Language: | English |
| Published: |
New York
The H.W. Wilson Co.
1991
|
| Edition: | 4. rev. ed., 5. print. |
| Subjects: | |
| Tags: |
No Tags, Be the first to tag this record!
|
MARC
| LEADER | 00000nam a2200000 4500 | ||
|---|---|---|---|
| 001 | c014237 | ||
| 005 | 20221214093553.2 | ||
| 020 | |a 0-8242-0661-4 | ||
| 041 | 0 | |a eng | |
| 044 | |a US | ||
| 245 | 1 | 0 | |a Famous First Facts |b <A> Record of First Happenings, Discoveries, and Inventions in American History |c Joseph Nathan Kane |
| 250 | |a 4. rev. ed., 5. print. | ||
| 264 | 1 | |a New York |b The H.W. Wilson Co. |c 1991 | |
| 300 | |a 1350 s. | ||
| 610 | 2 | 0 | |a USA |
| 610 | 2 | 0 | |a dejiny |
| 610 | 2 | 0 | |a objavy |
| 610 | 2 | 0 | |a objavy vedecké |
| 610 | 2 | 0 | |a vynálezy |
| 100 | 1 | |a Kane, Joseph Nathan | |